Inauguración del camino vecinal de Montseny al Brull
Descripción Física:
Il·lustracions
Colección:
San Jorge,
; núm. 18 (abril 1955), pàg. 146
Materias:
Carreteres -- Barcelona (Província) -- Disseny i construcció
; Carreteres -- Montseny (Catalunya) -- Disseny i construcció
; Carreteres -- El Brull (Catalunya) -- Disseny i construcció
Idioma:
Español
MARC
| LEADER | 00000naa a2200000 a 4500 | ||
|---|---|---|---|
| 003 | Arxiu | ||
| 005 | 20260324181039.0 | ||
| 008 | 160829s1955 spcaxx s spa c | ||
| 040 | |a AGDB | ||
| 245 | 0 | 0 | |a Inauguración del camino vecinal de Montseny al Brull |
| 300 | |b Il·lustracions | ||
| 490 | |a San Jorge, |v núm. 18 (abril 1955), pàg. 146 | ||
| 650 | 0 | |a Carreteres |z Barcelona (Província) |x Disseny i construcció |9 42899 | |
| 650 | 0 | |a Carreteres |z Montseny (Catalunya) |x Disseny i construcció |9 31117 | |
| 650 | 0 | |a Carreteres |z El Brull (Catalunya) |x Disseny i construcció |9 28390 | |
| 773 | |g Núm. 18 (abril 1955), pàg. 146 |t San Jorge. | ||
| 901 | |a Arxiu | ||
| 942 | |n 1 |2 udc |c ART | ||
| 952 | |0 0 |1 0 |4 0 |6 REV510 |7 1 |9 65184 |a Arxiu |b Arxiu |d 2023-02-01 |l 0 |o Rev-510 |r 2023-02-01 00:00:00 |w 2023-02-01 |y ARXIU |z També disponible a Rev-524 | ||
| 999 | |c 48829 |d 48829 | ||